000 004190000a22001090004500
090 _aAS
_bSeriadas
245 1 0 _aComportamiento de plantas nativas colombianas bajo cultivo: situación actual del cultivo del chontaduro
041 0 _aEspañol
100 1 _aPatiño, Victor Manuel
_915338
942 _cARTICULO
773 1 _tRevista de la Academia Colombiana de Ciencias Exactas, Fisicas y Naturales
_332
_h65
_q259-264
_d1989
_g17
999 _c14256
_d14256